LIBRARY & INFORMATION CENTRE, KCAET, TAVANUR

ONLINE PUBLIC ACCESS CATALOGUE (OPAC)

Supermanship or how to continue to stay top without actually falling apart / (Record no. 4381)

MARC details
000 -LEADER
fixed length control field 00405cam a2200145ua 4500
041 ## - LANGUAGE CODE
Language code of text/sound track or separate title eng
082 ## - DEWEY DECIMAL CLASSIFICATION NUMBER
Classification number 823.308
Item number POT/SU
100 ## - MAIN ENTRY--AUTHOR NAME
Personal name Potter, Stephen .
245 ## - TITLE STATEMENT
Title Supermanship or how to continue to stay top without actually falling apart /
260 ## - PUBLICATION, DISTRIBUTION, ETC. (IMPRINT)
Place of publication :
Name of publisher Penguin Books ,
Year of publication 1958.
300 ## - PHYSICAL DESCRIPTION
Number of Pages 112 ; .
942 ## - ADDED ENTRY ELEMENTS (KOHA)
Koha item type Books
Holdings
Withdrawn status Lost status Damaged status Home library Current library Date acquired Full call number Accession Number Koha item type
Withdrawn     KAUAET Sanskrit University 07/04/2012 823.308 10427 Books
free website counter